Catherine, princezna z Walesu : životopis budoucí královny /
Soukromý a veřejný život princezny z Walesu Kate Middletonové. Důležitá pozornost je věnována jejímu manželství s princem Williamem.
Uloženo v:
| Hlavní autor: | |
|---|---|
| Další autoři: | |
| Médium: | E-kniha |
| Jazyk: | Czech |
| Vydáno: |
V Praze :
XYZ,
2024
|
| Vydání: | První vydání |
| Témata: | |
| Tagy: |
Žádné tagy |
| LEADER | 02810nam a2200541 i 4500 | ||
|---|---|---|---|
| 001 | 312564 | ||
| 003 | CZ PrSKC | ||
| 005 | 20260601215724.0 | ||
| 007 | ta | ||
| 008 | 241121s2024 xr acf e 000 0bcze | ||
| 015 | |a cnb003644150 | ||
| 020 | |a 9788076836846 |q (vázáno) : |c Kč 499,00 | ||
| 035 | |a (OCoLC)1498300518 | ||
| 040 | |a BOA001 |b cze |d ABA001 |e rda | ||
| 041 | 1 | |a cze |h eng | |
| 043 | |a e-uk--- | ||
| 045 | |a x8y2 | ||
| 072 | 7 | |a 929.5/.9 |x Genealogie. Heraldika. Šlechta. Vlajky |2 Konspekt | |
| 072 | 7 | |a 929 |x Biografie |2 Konspekt | |
| 080 | |a 929.731-055.2 |2 MRF | ||
| 080 | |a 929 |2 MRF | ||
| 080 | |a (410) |2 MRF | ||
| 080 | |a (092) |2 MRF | ||
| 100 | 1 | |a Jobson, Robert, |d 1964- |7 kv2011631547 |4 aut | |
| 240 | 1 | 0 | |a Catherine, the Princess of Wales. |l Česky |
| 245 | 1 | 0 | |a Catherine, princezna z Walesu : |b životopis budoucí královny / |c Robert Jobson ; z anglického originálu Catherine, the Princess of Wales ... přeložila Alena Gentile |
| 250 | |a První vydání | ||
| 264 | 1 | |a V Praze : |b XYZ, |c 2024 | |
| 300 | |a 374 stran, 8 nečíslovaných stran obrazových příloh : |b barevné ilustrace, portréty ; |c 22 cm | ||
| 336 | |a text |b txt |2 rdacontent | ||
| 337 | |a bez média |b n |2 rdamedia | ||
| 338 | |a svazek |b nc |2 rdacarrier | ||
| 504 | |a Obsahuje bibliografii | ||
| 520 | 2 | |a Soukromý a veřejný život princezny z Walesu Kate Middletonové. Důležitá pozornost je věnována jejímu manželství s princem Williamem. |b Kate Middleton se narodila a vyrostla v prostředí anglické střední třídy. Její život byl naprosto obyčejný - až do chvíle, kdy se na University of St. Andrews seznámila s princem Williamem. O deset let později se konala královská svatba. Jak Kate ovlivnil neutuchající zájem médií, složitá zdravotní situace i napjaté vztahy s princem Harrym a Meghan Markle? Nakladatelská anotace. Kráceno. | |
| 600 | 0 | 7 | |a Catherine, |c princezna z Walesu, |d 1982- |7 js20070601014 |2 czenas |
| 648 | 7 | |a 21. století |7 ch460559 |2 czenas | |
| 648 | 4 | |a 1982- | |
| 650 | 0 | 7 | |a princezny |7 ph124609 |z Velká Británie |y 21. století |2 czenas |
| 650 | 0 | 9 | |a princesses |z Great Britain |y 21st century |2 eczenas |
| 655 | 7 | |a biografie |7 fd131909 |2 czenas | |
| 655 | 9 | |a biography |2 eczenas | |
| 700 | 1 | |a Gentile, Alena, |d 1973- |7 xx0253981 |4 trl | |
| 900 | |a ABA001 |b 20 | ||
| 928 | 9 | |a Albatros Media - XYZ | |
| 044 | |a xr | ||
| 910 | |a RBIT002 | ||
| 998 | |d 415535 |a https://core.palmknihy.cz/api/books/415535/cover?smzdm3 |b https://core.palmknihy.cz/api/books/415535/cover/400?smzdm3 |c https://core.palmknihy.cz/api/books/415535/cover/50?smzdm3 |e 2029-05-10 |g 384 |i 9788076836846 |j https://core.palmknihy.cz/api/books/415535/preview.epub |k https://core.palmknihy.cz/api/books/415535/preview.pdf |l |q 49 |r 1 |s https://www.palmknihy.cz/kniha/415535 |t ebook |y 2024 |z 0 | ||
| 999 | |d 312562 | ||